| 000 | 01034cam a2200253 4500 | ||
|---|---|---|---|
| 008 | 090401t1990 xxu||||| |||| 00| 0 eng d | ||
| 020 | _a1853280623 | ||
| 035 | _a(Sirsi) u82463 | ||
| 041 | _aeng | ||
| 050 | _a331.712 | ||
| 110 | _aUnited Kingdom Inter-Professional Group | ||
| 245 | _aWomen in the professions : a report compiled by the United Kingdom Inter-Professional Group Working Party on Women`s Issues | ||
| 260 |
_aLondon _bLaw Society _c1990 |
||
| 300 | _a100p. ; 30cm. | ||
| 350 | _a0 | ||
| 520 | _aCompares the history, policy and practices relating to women actuaries, architects, barristers, chartered accountants, dentists, engineers, general practitioners, optometrists, patent agents, pharmacists, solicitors, surgeons, surveyors and veterinary surgeons in those professions. | ||
| 650 | _aEQUAL OPPORTUNITIES | ||
| 650 | _aWOMEN | ||
| 650 | _aWOMEN IN SURVEYING | ||
| 650 | _aWOMEN SURVEYORS | ||
| 690 | _aMANAGEMENT-BUSINESS MANAGEMENT-PROFESSIONAL PRACTICE | ||
| 942 | _n0 | ||
| 948 | _c04/03/1997 | ||
| 999 |
_c96784 _d96784 |
||